000 00359nam a2200145Ia 4500
008 200103s9999||||xx |||||||||||||| ||und||
020 _a9780340179093
040 _aIMU-MPC
082 _aColumn-47
100 _aHiggins, R. A.
245 0 _aProperties of Engineering Materials
260 _bHodder and Stoughton, London
_c1987
300 _a441
942 _cBK
999 _c9482
_d9482